Central Library OPAC University of Rajshahi

Through Wahhabiland on camelback / (Record no. 64027)

MARC details
000 -LEADER
fixed length control field 00793nam a2200241 a 4500
001 - CONTROL NUMBER
control field 64027
003 - CONTROL NUMBER IDENTIFIER
rucl marc code BD-RjUL
005 - DATE AND TIME OF LATEST TRANSACTION
control field 20211209081250.0
008 - FIXED-LENGTH DATA ELEMENTS--GENERAL INFORMATION
fixed length control field 170208s1969 enkabc b 001 0 eng d
035 ## - SYSTEM CONTROL NUMBER
System control number (BD-RjUL)64157
040 ## - CATALOGING SOURCE
Original cataloging agency BD-RjUL
Transcribing agency BD-RjUL
Modifying agency BD-RjUL
Language of cataloging eng
041 1# - LANGUAGE CODE
Language code of text/sound track or separate title eng
082 00 - DEWEY DECIMAL CLASSIFICATION NUMBER
Classification number 915.3
Edition number 23
Author mark and year RAT 1969
100 1# - MAIN ENTRY--PERSONAL NAME
Personal name Raunkiaer, Barclay,
Dates associated with a name 1889-1915.
9 (RLIN) 190187
245 10 - TITLE STATEMENT
Title Through Wahhabiland on camelback /
Statement of responsibility, etc. With an introd. by Gerald de Gaury.
260 ## - PUBLICATION, DISTRIBUTION, ETC. (IMPRINT)
Place of publication, distribution, etc. London :
Name of publisher, distributor, etc. Routledge & Kegan Paul,
Date of publication, distribution, etc. 1969
300 ## - PHYSICAL DESCRIPTION
Pagination xii, 156 p.
Illustrations ill. ;
Size 23 cm.
490 0# - SERIES STATEMENT
Series statement Travellers and explorers
504 ## - BIBLIOGRAPHY, ETC. NOTE
Bibliography, etc Includes bibliographical footnotes and index
651 #0 - SUBJECT ADDED ENTRY--GEOGRAPHIC NAME
Geographic name Arabian Peninsula
General subdivision Description and travel.
9 (RLIN) 190188
700 1# - ADDED ENTRY--PERSONAL NAME
Personal name De Gaury, Gerald,
Relator term ed.
942 ## - ADDED ENTRY ELEMENTS (KOHA)
Source of classification or shelving scheme Dewey Decimal Classification
Koha item type Books
Holdings
Lost status Source of classification or shelving scheme Damaged status Not for loan Collection code Permanent Location Current Location Shelving location Date acquired Source of acquisition Cost, normal purchase price Total Checkouts Full call number Date last seen Copy number Koha item type
  Dewey Decimal Classification   Not For Loan Non-fiction Central Library, University of Rajshahi Central Library, University of Rajshahi Reading Room 23/09/1970 Zeitlinger 30.00   915.3 RAT 1969 08/02/2017 C-1 Books